000 00775nas a2200277 4500
001 BR9604550
003 BR-BrBNA
005 20231205094850.0
007 ta
008 230509b bl.|||p| |||| 00| 00por d
040 _aBR-BrBNA
_bpor
_cBiblioteca Nacional de Agricultura
041 _a(Pt)
072 _aQ04
100 1 _aOlivo, R.
100 1 _aBetanho, C.
100 1 _aDagli, M.L.Z.
100 1 _aShimokomaki, M.
245 1 _aComo as fibras de colageno estabilizam uma emulsao carnea
650 _aBovino
650 _aCarne Tratada
650 _aColageno
650 _aAnalise de Alimento
773 0 _tRevista Nacional da Carne (Brazil)
_x
_g(Apr 1996), no. 230 p. 20-24
_wBR9604550
909 _a202311
_bLúcia
_c55
_dLúcia Elande
942 _2AGRIS
_n0
_cANA
999 _c147428
_d147428